000 nam a22 a 4500
999 _c707
_d707
003 AKMAL
005 20170504161306.0
008 170504s2007 my a e | f000 0 may d
020 _a9789839187120 (kkt.)
040 _aAKMAL
082 0 4 _a172.2 MJPA
_222
090 0 0 _a172.2
_bMJPA
245 0 0 _aBudaya kerja kelas pertama
260 _aPutrajaya :
_bBahagian Perkhidmatan Psikologi,
_c2007
300 _a36ms. ;
_c21cm.
650 1 0 _aCivil service ethics
_zMalaysia
_9416
650 2 0 _aCivil service
_zMalaysia
_9420
942 _2ddc
_cBOOK